000
00246nam a2200097Ia 4500
008
190216s9999||||xx |||||||||||||| ||und||
100
_a
Kamaleswar
245
0
_a
Hindi-Samudr Me Geya Hua Athmi
260
_b
Poomkavanam Books Publishers
942
_c
BK
999
_c
18309
_d
18309